书目信息 |
| 题名: |
全球新闻事业
|
|
| 作者: | 戴比尔 , 梅里尔 编 ;郭之恩 译 | |
| 分册: | ||
| 出版信息: | 北京 华夏出版社 2010 |
|
| 页数: | 17, 498页 | |
| 开本: | 24cm | |
| 丛书名: | 新闻传播学 | |
| 单 册: | ||
| 中图分类: | G219.1 | |
| 科图分类: | ||
| 主题词: | 新闻工作--研究--世界 , 新闻工作 | |
| 电子资源: | ||
| ISBN: | 978-7-5080-5737-8 | |
| 000 | 01580oam2 2200325 45 | |
| 001 | 1130159484 | |
| 005 | 20110309090949.26 | |
| 010 | @a978-7-5080-5737-8@dCNY68.00 | |
| 100 | @a20110123d2010 ekmy0chiy0120 ea | |
| 101 | 1 | @achi@ceng |
| 102 | @aCN@b110000 | |
| 105 | @aa z 000yy | |
| 106 | @ar | |
| 200 | 1 | @a全球新闻事业@AQuan Qiu Xin Wen Shi Ye@e重大议题与传媒体制@EZhong Da Yi Ti Yu Chuan Mei Ti Zhi@dGlobal journalism : topical issues and media systems@f(美) 阿诺德·S.戴比尔, 约翰·C.梅里尔编@F( Mei ) A Nuo De· S. Dai Bi Er , Yue Han· C. Mei Li Er Bian@g郭之恩译@zeng |
| 210 | @a北京@c华夏出版社@d2010 | |
| 215 | @a17, 498页@c图, 地图@d24cm | |
| 225 | 2 | @a新闻传播学@i新视界译丛 |
| 305 | @a据原书第5版译出 | |
| 320 | @a有书目(第431-469页)和索引 | |
| 330 | @a本书分为三个相互关联的篇章 : 第一, 是对传媒现状和新闻理论的总览 ; 第二, 是对于全球新闻工作者, 传媒机构, 受众及其他传媒世界中相关各方所面对的主要问题的批判性分析 ; 第三, 是聚焦世界八大主要地区的传媒. 作为一本介绍全球传媒格局的新闻传播专业书籍, 本书讨论的是当下全球新闻事业最紧要的话题和问题, 即在全球新闻事业框架内各洲的传媒体制所发生的深远且迅速的变革. | |
| 461 | 0 | @12001 @a新闻传播学@i新视界译丛 |
| 510 | 1 | @aGlobal journalism@etopical issues and media systems@zeng |
| 606 | 0 | @a新闻工作@x研究@y世界 |
| 606 | 0 | @a新闻工作 |
| 690 | @aG219.1@v4 | |
| 701 | 1 | @a戴比尔@ADai Bi Er@g(De Beer, Arrie S.)@4编 |
| 701 | 1 | @a梅里尔@AMei Li Er@g(Merrill, John Calhoun)@f1924-@4编 |
| 702 | 0 | @a郭之恩@AGuo Zhi En@4译 |
| 801 | 0 | @aCN@bTANGWEI@c20110309 |
| 905 | @b0529965-68@dG219.1@e415@f4 | |
| 全球新闻事业:重大议题与传媒体制=Global journalism : topical issues and media systems/(美) 阿诺德·S.戴比尔, 约翰·C.梅里尔编/郭之恩译.-北京:华夏出版社,2010 |
| 17, 498页:图, 地图;24cm.-(新闻传播学.新视界译丛) |
| ISBN 978-7-5080-5737-8:CNY68.00 |
| 本书分为三个相互关联的篇章 : 第一, 是对传媒现状和新闻理论的总览 ; 第二, 是对于全球新闻工作者, 传媒机构, 受众及其他传媒世界中相关各方所面对的主要问题的批判性分析 ; 第三, 是聚焦世界八大主要地区的传媒. 作为一本介绍全球传媒格局的新闻传播专业书籍, 本书讨论的是当下全球新闻事业最紧要的话题和问题, 即在全球新闻事业框架内各洲的传媒体制所发生的深远且迅速的变革. |
| ● |
| 相关链接 |
|
|
|
|
正题名:全球新闻事业
索取号:G219.1/415
 
预约/预借
| 序号 | 登录号 | 条形码 | 馆藏地/架位号 | 状态 | 备注 |
| 1 | 0529965 | 205299657 | 第一样本阅览室/ [索取号:G219.1/415] | 在馆 | |
| 2 | 0529966 | 205299666 | 第四借阅区/ [索取号:G219.1/415] | 在馆 | |
| 3 | 0529967 | 205299675 | 第四借阅区/ [索取号:G219.1/415] | 在馆 | |
| 4 | 0529968 | 205299684 | 密集书库-文学院/ [索取号:G219.1/415] | 在馆 |